1748 1130 1317 1279 1005 1082 1681 1648 1683 1703 1801 1032 1516 1643 1367 1705 1760 1431 1316 1720 1735 1555 1337 1962 1590 1600 1409 1704 1049 1228 1947 1532 1768 1783 1673 1405 1304 1824 1163 1662 1450 1143 1894 1784 1192 1359 1945 1846 1854 1796 1130 1935 1161 1077 1543 1078 1001 1851 1068 1839 1646 1400 1088 1303 1874 1470 1300 1439 1162 1787 1256 1697 1087 1153 1181 1416 1189 1418 1061 1220 1819 1940 1094 1580 1896 1961 1232 1410 1205 1475 1554 1213 1707 1020 1352 1704 1931 1290 1021 BCNSPRNW ULIB Ver.6.0+V

เปลี่ยนเป็นภาษาไทย

Change to English
 แสดงรายละเอียดบรรณานุกรม
  กลับหน้าหลัก

Brief Record : Get Marc (ISO 2709) : E-mail record : QR code < ปิดหน้าต่าง
LEADER : 00000nam 2200000uu 4500
001    13399113849
003     ULIB
008    120110s||||||||th 000 0 tha d
099    วจ.WY18.2^bก674น
100 0  กิตติพร เนาว์สุวรรณ
245 00 นวัตกรรมหุ่นช่วยฝึกใส่สายให้อาหารทางสายยาง/^cกิตติพร เนาว์สุวรรณ,ปฐมามาศ โชติบัณ,จรูญรัตน์ รอดเนียม และ ธารินี นนทพุทธ
260    สงขลา :^bวิทยาลัยพยาบาลบรมราชชนนี สงขลา,^c2554
300    74 หน้า :^bตาราง
500    รายงานการวิจัย
650  7 หุ่นช่วยฝึก^xวิจัย
650  7 การใส่อาหารสายยาง^xวิจัย
650  7 นวัตกรรม^xวิจัย
700 02 ปฐมามาศ โชติบัณ
700 02 จรูญรัตน์ รอดเนียม
700 02 ธารินี นนทพุทธ
710 1  วิทยาลัยพยาบาลบรมราชชนนี สงขลา
945    ^p0^l0^i030917
995    ทศพร
999 ^a ทศพร
รายการนี้ยังไม่มีแท็ก
คุณยังไม่ได้ล็อกอิน คุณสามารถมีกิจกรรมร่วมกับเว็บไซต์ได้ แต่ต้องล็อกอินก่อน ::
  ล็อกอิน

รายการสื่อสารสนเทศ

ลำดับที่ ประเภท เลขเรียก/บาร์โค้ด สถานที่ สถานะ
1. งานวิจัย
งานวิจัย
วจ.WY18.2 ก674น ฉ.1 
  Barcode: 030917
ห้องสมุดวิทยาเขตสวรรค์ประชารักษ์
►วิจัย
บนชั้น

รายการใกล้เคียง
    ผู้แต่ง [กิตติพร เนาว์สุวรรณ]

BibComment


ยังไม่เคยถูกคอมเมนท์

คอมเมนท์ทรัพยากรรายการนี้
  คอมเมนท์: นวัตกรรมหุ่นช่วยฝ..


 Copyright 2026. Bcnsprnw @Library